000 00311nam a2200133Ia 4500
005 20260328101516.0
008 260328s9999||||xx |||||||||||||| ||und||
100 _aVillette, Jean
245 0 _aLes vitraux de Chartres /
_cJean Villette
260 _bHachette
300 _a142 p.
650 _aARTE
942 _cBK
999 _c9389
_d9389